| 000 | 01011nam a2200253 a 4500 | ||
|---|---|---|---|
| 999 |
_c10324 _d10324 |
||
| 001 | 10324 | ||
| 003 | BD-JhCC | ||
| 005 | 20220322134023.0 | ||
| 008 | 180424s20082016bg |||| |||| 000 0 ben d | ||
| 020 | _a984843035X | ||
| 035 | _a(BD-JhCC)10324 | ||
| 040 |
_aBD-JhCC _dBD-JhCC |
||
| 041 | _aben | ||
| 082 |
_a297.1226 _bBUK 2016 |
||
| 100 | _aবুকাইলি, ড. মরিস | ||
| 245 |
_aআল কুরআন এক মহাবিস্ময় / _cড. মরিস বুকাইলি, ড. কিথ এল. মূর, গ্যারি মিলার, খোন্দকার রোকনুজ্জামার (অনু.) |
||
| 260 |
_aঢাকা : _bবাংলাদেশ ইসলামিক সেন্টার, _c২০১৬. |
||
| 300 |
_a৮০ পৃ. : _c১৯ সেমি. |
||
| 650 | _aAl-Quran | ||
| 650 | _aআল কুরআন | ||
| 700 | _aমূর, ড. কিথ এল. | ||
| 700 | _aমিলার, গ্যারি | ||
| 942 |
_2ddc _cBK _09 |
||